| 000 | 00960cam a2200229 a 4500 | ||
|---|---|---|---|
| 001 | 16044922 | ||
| 005 | 20100729142901.0 | ||
| 008 | 100107s2010 nyua b 001 0 eng | ||
| 020 | _a9780071701884 | ||
| 020 | _a0071701885 | ||
| 040 |
_aDLC _cDLC _dYDX _dUKM _dBTCTA _dCDX _dYDXCP _dBWX _dDLC |
||
| 082 | 0 | 0 |
_a658.5 _222 _bGUS |
| 100 | 1 |
_aGustavson, Richard E. _928479 |
|
| 245 | 1 | 0 |
_aProduction systems engineering : _bcost and performance optimization / _cRichard E. Gustavson. |
| 260 |
_aNew York : _bMcGraw-Hill, _cc2010. |
||
| 300 |
_axix, 233 p. : _bill. ; _c24 cm. |
||
| 504 | _aIncludes bibliographical references (p. [221]-222) and index. | ||
| 650 | 0 |
_aProduction engineering. _928480 |
|
| 942 |
_2ddc _cBB |
||
| 999 |
_c16358 _d16358 |
||